Most Popular Songs 2019 - Statistics

General Stats
  • This quiz has been taken 619 times
  • The average score is 6 of 15
Answer Stats
Hint Answer % Correct
Billie Eilish Bad Guy
93%
Lil Nas X Old Town Road
84%
Ariana Grande 7 Rings
63%
Jonas Brothers Sucker
58%
Justin Bieber ft. Ed Sheeran I Don't Care
50%
Ed Sheeran & Justin Bieber I don't care
50%
Taylor Swift ft. Brendon Urie Me!
46%
Lil Dicky Earth
43%
Cardi B & Bruno Mars Please Me
26%
Lil Tecca Ransom
25%
Y2K, bbno$ Lalala
19%
Meek Mill Ft. Drake Going Bad
15%
Zed, Katy Perry 365
9%
Ariana Grande Break Up With Your Girlfriend, Im Bored
8%
Miley Cyrus Mother's Daughter
5%
No matching quizzes found
Score Distribution
Percent of People with Each Score
Percentile by Number Answered
Your Score History
You have not taken this quiz